Формирование индивидуального, творческого видения мира, развитие пространственного мышления у студентов технических вузов; Модернизация инженерного и общего образования: проблемы и перспективы

Bibliografske podrobnosti
Parent link:Модернизация инженерного и общего образования: проблемы и перспективы.— 2009.— С. 171-175
Glavni avtor: Березовская О. Б. Ольга Борисовна
Jezik:ruščina
Izdano: 2009
Teme:
Format: Book Chapter
KOHA link:https://koha.lib.tpu.ru/cgi-bin/koha/opac-detail.pl?biblionumber=177391

MARC

LEADER 00000naa2a2200000 4500
001 177391
005 20231031165623.0
035 |a (RuTPU)RU\TPU\book\192305 
090 |a 177391 
100 |a 20100316d2009 k y0rusy50 ca 
101 0 |a rus 
102 |a RU 
200 1 |a Формирование индивидуального, творческого видения мира, развитие пространственного мышления у студентов технических вузов  |f О. Б. Березовская 
320 |a Библиогр.: 4 назв. 
463 0 |0 (RuTPU)RU\TPU\book\186925  |t Модернизация инженерного и общего образования: проблемы и перспективы  |o труды VII Всероссийской научно-практической конференции, 12 ноября 2009 года Юрга  |f Томский политехнический университет (ТПУ), Юргинский технологический институт (ЮТИ)  |v С. 171-175  |d 2009  |p 279 с. 
610 1 |a творчество 
610 1 |a технические вузы 
610 1 |a инженерное образование 
610 1 |a мышление 
610 1 |a труды учёных ТПУ 
700 1 |a Березовская  |b О. Б.  |c старший преподаватель  |c Юргинский технологический институт (филиал) Томского политехнического университета  |g Ольга Борисовна  |2 stltpush  |3 (RuTPU)RU\TPU\pers\24528 
801 1 |a RU  |b 63413507  |c 20100316 
942 |c BK